A historical geography of the British empire (Record no. 553215)
[ view plain ]
| 000 -LEADER | |
|---|---|
| fixed length control field | 00519cam a2200157K 4500 |
| 082 ## - DEWEY DECIMAL CLASSIFICATION NUMBER | |
| Classification number | 910 |
| Author Mark | GEO |
| 100 1# - MAIN ENTRY--PERSONAL NAME | |
| Personal name | George, H. B. |
| 9 (RLIN) | 50476 |
| 245 12 - TITLE STATEMENT | |
| Title | A historical geography of the British empire |
| Statement of responsibility, etc. | by Hereford B. George ... With map. |
| 260 ## - PUBLICATION, DISTRIBUTION, ETC. | |
| Place of publication, distribution, etc. | London, |
| Name of publisher, distributor, etc. | Methuen & Co. |
| Date of publication, distribution, etc. | 1919 |
| 300 ## - PHYSICAL DESCRIPTION | |
| Extent | 1 online resource (xi, 312 p.) |
| Other physical details | fold. map. |
| 500 ## - GENERAL NOTE | |
| General note | 2d ed. |
| 526 ## - STUDY PROGRAM INFORMATION NOTE | |
| Program name | 0 |
| Interest level | 0 |
| Reading level | 0 |
| Title point value | 910_000000000000000_GEO |
| 650 ## - SUBJECT ADDED ENTRY--TOPICAL TERM | |
| Topical term or geographic name entry element | MCE |
| 9 (RLIN) | 379 |
| 856 40 - ELECTRONIC LOCATION AND ACCESS | |
| Uniform Resource Identifier | <a href="http://catalog.hathitrust.org/api/volumes/oclc/21886437.html">http://catalog.hathitrust.org/api/volumes/oclc/21886437.html</a> |
| 942 ## - ADDED ENTRY ELEMENTS (KOHA) | |
| Source of classification or shelving scheme | |
| Koha item type | Book |
| Withdrawn status | Lost status | Source of classification or shelving scheme | Damaged status | Not for loan | Permanent Location | Current Location | Shelving location | Date acquired | Total Checkouts | Full call number | Barcode | Date last seen | Price effective from | Koha item type |
|---|---|---|---|---|---|---|---|---|---|---|---|---|---|---|
| Military College of Engineering (MCE) | Military College of Engineering (MCE) | 02/02/2015 | 910 GEO | MCE-ECH/54 | 02/02/2015 | 02/02/2015 | Book |
